000 00592nam a2200181 a 4500
008 951213s1960||||[C 0 slo c
040 _aSNK
_bslo
_cSNK
_eAACR2
041 1 _aslo
_hslo
044 _axo
_cSK
080 _a1 100(073)
245 1 0 _aZáklady marxizmu-leninizmu
_bOsnovy
260 _aBratislava
_bSVPL
_c1960
_eBratislava
_fPravda
300 _a40 s.
_c21 cm
490 0 _aStranícke vzdelávanie 1978/1979
500 _aLit. 125. Vyd. pre potreby lektorov a propagandistov. 125 zázn. lit. o knihách, čl. a novinách v jaz. slov., čes. a rus.
020 _c21,80
958 _aA
999 _c15523
_d15523